The origin and evolution of birds

Αποθηκεύτηκε σε:
Λεπτομέρειες βιβλιογραφικής εγγραφής
Κύριος συγγραφέας: Feduccia, Alan
Μορφή: Βιβλίο
Γλώσσα:English
Δημοσίευση: New Haven : Yale University Press, c1996
Θέματα:
Ετικέτες: Προσθήκη ετικέτας
Δεν υπάρχουν, Καταχωρήστε ετικέτα πρώτοι!

MARC

LEADER 00000nam a2200000 i 4500
001 1/101161
008 000208s1996 eng d
020 |a 0-300-06460-8 
035 |l 10057569 
040 |a GR-MY-UA  |b gre  |e aacr 
041 0 |a eng 
082 0 |a 598.138 
100 1 |a Feduccia, Alan. 
245 1 4 |a The origin and evolution of birds /  |c Alan Feduccia 
260 |a New Haven :   |b Yale University Press,   |c c1996 
300 |a 420 p.  |b fig. 
504 |a Includes bibliographical references and index 
650 0 0 |a Birds  |x Evolution. 
650 0 0 |a Birds  |x Origin. 
650 0 0 |a Birds, Fossil. 
852 |a INST  |b LESVOS  |e 20000208  |h 598.138 FED  |p 005100021806  |q 005100021806  |t BK  |y 0 
901 |a BIBL1-2000-1 
909 |a Λ  |b 073387 
922 |a 1ΕΛΗ  |b 199912  |c ΚΠΣ/ΤΠ  |d GLORY 
950 |a 107-1999-12-21 
970 |a ΜΟΥΣΤΑΚΑ  |b ΠΗΝΕΛΟΠΗ  |z 2000/02/09